| 000 | 01387nam a22003377a 4500 | ||
|---|---|---|---|
| 001 | 341 | ||
| 003 | FISKH | ||
| 005 | 20230328085937.0 | ||
| 008 | 230328b cb ||||| |||| 00| 0 eng d | ||
| 020 | _a9780545303040 | ||
| 040 |
_aDLC _cDLC _dDLC _dFISKH _beng |
||
| 042 | _alcac | ||
| 050 | 0 | 0 |
_aPZ7.C2713 _bDi 2009 |
| 082 | 0 | 0 |
_a813.6 _222 |
| 100 | 1 | _aCatrow, David. | |
| 245 | 1 | 0 |
_aDinosaur hunt / _cDavid Catrow. |
| 260 |
_aNew York : _bScholastic. _c2010. |
||
| 300 |
_a16 leaves of plates : _bcol. ill. ; _c23 cm. |
||
| 490 | 0 | _aMax Spaniel | |
| 505 | _aD | ||
| 520 | _aMax Spaniel is a daffy hound dog who oneday decides to go on a dinosaur dig. Butwhat Max thinks are dinosaur parts is justa lot of junk -- or is it? As Max puts hisfossils together, readers will see how therandom objects Max finds -- including afootball, a hockey stick, and an old boot --transform into a living dino! | ||
| 521 | 8 |
_a220
_bLexile |
|
| 521 | 8 |
_aD
_bRaz-Plus |
|
| 650 | 1 |
_aSpaniels _vFiction. |
|
| 650 | 1 |
_aDogs _vFiction. |
|
| 650 | 1 |
_aSculpture _vFiction. |
|
| 650 | 1 |
_aDinosaurs _vFiction. |
|
| 906 |
_a7 _bcbc _corignew _d1 _eecip _f20 _gy-gencatlg |
||
| 942 |
_2lcc _cBK _n0 |
||
| 999 |
_c341 _d341 |
||